01151nas a2200277Ia 4500001002300000003001000023008004100033040002500074041001300099100003400112210001900146222001900165245003800184250001100222260014900233501012300382300001200505362002500517500008300542650001700625700001100642942000700653957000600660999003200666952017500698dg17-1073 [d000001007]IT-MiCISF161014c99999999xx |||||||||||| ||und|| aIT-MiCISFcIT-MiCISF aITALIANO aRemuet-Alexandrou Françoise aDonne d'Europa aDonne d'Europa 0aIl diritto comunitario e le donne a1a ed. aBruxellesbComunità Europee. Commissione. Direzione Generale dell'Informazione. Informazione della Stampa e delle Associazioni Femminilic1983 bCISF - Centro Internazionale Studi Famiglia - Via Giotto, 36 20145 MILANO (non commercial uses only)cCopyright 2016 app. 111 a suppl. n. 12 [1983] aTema: donna, società, donna-lavoratrice, diritto, legislazione, comparazione adonnavvario aAA.VV. cCR 71 a1073bSig1c221336d221336 0010406DG_171073_D00000100771aCISFbCISFd2016-10-14l0odg17-1073 [d000001007]r2016-10-14 00:00:00w2016-10-14yCRzData import 15.10.2016 / by Epidotti, Vaglietti